LEADER 01282nam 2200385 450 001 9910713435503321 005 20200625171105.0 035 $a(CKB)5470000002501300 035 $a(OCoLC)1152529685 035 $a(EXLCZ)995470000002501300 100 $a20200429d2019 ua 0 101 0 $aeng 181 $ctxt$2rdacontent 182 $cc$2rdamedia 183 $acr$2rdacarrier 200 00$aTips for teens$iOpioids $ethe truth about opioids 205 $aRevised 2019. 210 1$a[Rockville, Md.] :$cSubstance Abuse and Mental Health Services Administration,$d2019. 215 $a1 online resource (2 unnumbered pages) $ccolor illustrations 300 $a"PEP NO. 19-08"--Page 2. 320 $aIncludes bibliographical references (page 2). 517 $aTips for teens 606 $aOpioids 606 $aTeenagers$xDrug use$zUnited States$xPrevention 606 $aSubstance abuse$xPrevention$zUnited States 615 0$aOpioids. 615 0$aTeenagers$xDrug use$xPrevention. 615 0$aSubstance abuse$xPrevention 712 02$aUnited States.$bSubstance Abuse and Mental Health Services Administration, 801 0$bGPO 801 1$bGPO 906 $aBOOK 912 $a9910713435503321 996 $aTips for teens$93321089 997 $aUNINA LEADER 02650nam 2200613 450 001 9910827374903321 005 20200115094150.0 010 $a1-5261-4500-6 010 $a1-5261-5054-9 010 $a1-5261-4499-9 024 7 $a10.7765/9781526144997 035 $a(CKB)4100000010010800 035 $a(OCoLC)1132215374 035 $a(MdBmJHUP)muse82760 035 $a(MiAaPQ)EBC5995712 035 $a(StDuBDS)EDZ0002253192 035 $a(DE-B1597)659187 035 $a(DE-B1597)9781526144997 035 $a(EXLCZ)994100000010010800 100 $a20200511d2020 fy| 0 101 0 $aeng 135 $aur|||||||nn|n 181 $ctxt$2rdacontent 182 $cc$2rdamedia 183 $acr$2rdacarrier 200 04$aThe Cato Street conspiracy $eplotting, counter-intelligence and the revolutionary tradition in Britain and Ireland /$fedited by Jason McElligott and Martin Conboy$b[electronic resource] 210 1$aManchester :$cManchester University Press,$d2020. 215 $a1 online resource (1 online resource.) 225 1 $aManchester scholarship online 300 $aAlso issued in print. 311 $a1-5261-4498-0 320 $aIncludes bibliographical references and index. 330 8 $aOn 23 February 1820 a group of radicals were arrested in Cato Street off the Edgware Road in London. They were within 60 minutes of setting out to assassinate the British cabinet. Five of the conspirators were subsequently executed and another five were transported for life to Australia. The plotters were a mixture of English, Scottish and Irish tradesmen, and one was a black Jamaican. They were motivated by a desire to avenge the `Peterloo' massacre and intended to declare a republic, which they believed would encourage popular risings in London and across Britain. This volume of essays uses contemporary reports by Home Office spies and informers to assess the seriousness of the conspiracy. This book explains the conspiracy, and why you have never heard of it. 410 0$aManchester scholarship online. 606 $aCato Street Conspiracy, 1820 610 $aBlack History. 610 $aInformers. 610 $aInsurrection. 610 $aIreland. 610 $aLondon. 610 $aPeterloo. 610 $aRadicalism. 610 $aRevolution. 610 $aSlavery. 615 0$aCato Street Conspiracy, 1820. 676 $a345.420231 702 $aMcElligott$b Jason$f1972- 702 $aConboy$b Martin 801 0$bStDuBDS 801 1$bStDuBDS 906 $aBOOK 912 $a9910827374903321 996 $aThe Cato Street conspiracy$94096879 997 $aUNINA